000 00326nam a2200145Ia 4500
008 240112s2010 xx 000 0 und d
022 _a9731229
041 _aeng
082 _a616.05
100 _aSCHWARTZ T.L.
245 _aMENS SANA RESE.FOUNDATION
260 _bMSM
_c2010
300 _aXVI;586;HB
_c3
440 _v28
999 _c1143391
_d1143391